| 000 | 00606cam a22002171 4500 | ||
|---|---|---|---|
| 001 | ca 34001349 | ||
| 003 | DLC | ||
| 005 | 20260227111133.0 | ||
| 008 | 800524s1928 nyu 000 0 eng | ||
| 010 | _aca 34001349 | ||
| 035 | _a(OCoLC)6354356 | ||
| 040 |
_aDLC _cOCl _dDLC |
||
| 042 | _apremarc | ||
| 050 | 0 | 0 |
_aPS3543.A54 _bS4 1928 |
| 082 | _a812.5 | ||
| 100 | 1 | _aVan der Veer, Ethel. | |
| 245 | 1 | 0 |
_aShipping mother east, _ba satirical comedy in one act, _cby Ethel Van der Veer. |
| 260 |
_aNew York city, _bT.R. Edwards _c[1928] |
||
| 300 |
_a2 p. l., 26 p. _c20 cm. |
||
| 655 | 7 |
_aComedies. _2gsafd |
|
| 999 |
_c17485 _d17485 |
||